| 000 | 00688nam a2200121Ia 4500 | ||
|---|---|---|---|
| 008 | 220620s9999||||xx |||||||||||||| ||und|| | ||
| 100 | _aMercat-Bruns, Marie | ||
| 245 | 0 | _aDiscrimination at Work: Comparing European, French, and American Law | |
| 546 | _aEnglish[eng] | ||
| 650 | _aemployment||european law||french law||discrimination||american law||law and legislation||labor||Anti-discrimination law||Disability||Disparate impact||France||United States | ||
| 856 | _uhttps://library.oapen.org/bitstream/20.500.12657/32823/1/604353.pdf||https://library.oapen.org/bitstream/20.500.12657/32823/1/604353.pdf||https://library.oapen.org/bitstream/20.500.12657/32823/1/604353.pdf | ||
| 942 | _cEB | ||
| 999 |
_c23367 _d23367 |
||